Регионална библиотека "Любен Каравелов" - Русе

Облигационно право (Запис номер 1211)

MARC детайли
000 -Лидер
Контролно поле с фиксирана дължина nam a22 a 4500
003 - Код на организацията, давaща контролен номер
Контролно поле BLK
005 - Дата и час на последна редакция
Контролно поле 20230330151900.0
008 - Елементи от данни с фиксирана дължина
fixed length control field 180412b bul|||||r ||||||| ||bul||
010 ## - Наследен системен номер
LC control number KNG00002014000
040 ## - Източник на каталожния запис
Идентификатор на билиотеката - собственик на записа BLK
041 ## - Код за език
Код за езика на текст/звукозапис или на отделно заглавие Български
Код за езика КДБФ Български
080 ## - УДК
Текстов определител УДК Спец. договори. Продажба, отстъпване, купуване, смяна, размяна, наемане, аренда, даване под наем, рента, залог. Коцесии(правен аспект). Обществени поръчки, лизинг, концесии(договори)
УДК код - определител по УДК 347.45/.47
УДК определител (497.2)
УДК - код + определител 347.45/.47(497.2)
100 1# - Редна дума - Автор
Автор Василев, Божидар
Авторска отговорност първи автор
R(LIN) 243776
139 ## - Редно поле
Редна дума Василев, Божидар
Авторски знак Васи - В 24
245 10 - Сведения за заглавието
Заглавие Облигационно право
Подзаглавни данни Спец. част : Отд. видове договори
Редно поле (дума) Божидар Василев; ред. Цанка Цанкова.
257 ## - Страна на издаване
Страна на създаване/издаване България
260 ## - Област на издателските данни
Място на издаване, разпространение и проч. София
Име на издателя, разпространителя и проч. Софи -Р
Година на издаване 1992
300 ## - Физическа характеристика
Страници 288 с.
Размери/Мащаб 20 см
380 ## - Жанр
Жанр Обществени науки
500 ## - Общи забележки
Забележка Библиогр. с. 269-274. - Съдържа : Договор за продажба ; Договор за изработка ; Комисионен договор ; Договор за превоз на товари ; Договор за гражданско дружество.
504 ## - Забележка за наличие на библиография и др
Забележка за наличие на библиография и под. 269-274
650 #4 - Допълнително описание по предмет – тема
Основно описание – тема или топоним Облигационно право - България
9 (RLIN) 243778
650 #4 - Допълнително описание по предмет – тема
Основно описание – тема или топоним Договори - България - правни въпроси
9 (RLIN) 243779
653 ## - Ключова дума – ненормативна
Ключова дума облигационно право
700 1# - Други автори (авторска отговорност)
Лично име Цанкова, Цанка
Автороска отговорност (Описва отношението между автора и произведението) ред.
9 (RLIN) 243777
852 ## - Местоположение
Форматна сигнатура Цб 171744
Фондова буква Хранилище
856 4# - Електронен адрес и достъп
Електронен формат pdf - файл
Път до файла /url/
Инструкция (цена за достъп) 0.00
Права за достъп disable
856 4# - Електронен адрес и достъп
Електронен формат pdf - файл
Път до файла /url/
Инструкция (цена за достъп) 0.00
Права за достъп disable
999 ## - СИСТЕМНИ КОНТРОЛНИ НОМЕРА
Koha biblionumber 1211
Koha biblioitemnumber 1211
942 ## - АРТИКУЛИ
Вид на библиотечния материал Книги
Скрит в OPAC Не
Периодичен библиозапис Да
944 ## - СЪЗДАВАНЕ И РЕДАКЦИЯ на ЗАПИСА
Създаване/Редакция Създаване
Дата на регистрацията/редакция 15.01.2003
Служител, извършил регистрацията/редакцията Кети_Илиева
944 ## - СЪЗДАВАНЕ И РЕДАКЦИЯ на ЗАПИСА
Създаване/Редакция Редакция
Дата на регистрацията/редакция 24.02.2005
999 ## - СИСТЕМНИ КОНТРОЛНИ НОМЕРА
Koha biblioitemnumber 1211
Наличности
Код за отписване Код за изгубен артикул Източник на класификационната схема Код за повреда Коз за рестрикции Код за отдаване Артикулен № Име на библиотеката - собственик Име на библиотеката, в която се намира в момента Статус (Текущо местоположение) Дата на вписване в системата Местоположение - отдел Цена в лева Инвентарен номер Систематично азбучна сигнатура Баркод Номер на екземпляра Цена в евро Служебна бележка Служебен тип на артикула
  Не е изгубен Universal Decimal Classification Не е повреден без рестрикции ползва се в читалня 2430 Регионална библиотека "Любен Каравелов" Русе Регионална библиотека "Любен Каравелов" Русе Хранилище 1992-01-01 Хранилище 0.00 575995 Цб 171744 120000575995 1 0.00 Дост: Dp Вид: Д N: 20 Дата: 01.01.1992 Книги
  Не е изгубен Universal Decimal Classification Не е повреден без рестрикции ползва се в читалня 2431 Регионална библиотека "Любен Каравелов" Русе Регионална библиотека "Любен Каравелов" Русе Читалня 1992-01-01 Читалня 2.10 578565 Ч 347/В 24 120000578565 2 1.07 Дост: Pk Вид: Ф N: стар фонд Дата: 01.01.1992 Дата инв: 14.03.2017 Бележки инв: Ч2017 Книги
Изтеглен Не е изгубен Universal Decimal Classification Не е повреден без рестрикции заемане за дома 2432 Регионална библиотека "Любен Каравелов" Русе Регионална библиотека "Любен Каравелов" Русе Заемна - подръчен фонд 1992-01-01 Заемна - подръчен фонд 5.25 594945 П 347/В 24 594945 3 2.68 Дост: Pk Вид: Ф N: стар фонд Дата: 01.01.1992 Книги
Изтеглен Не е изгубен Universal Decimal Classification Не е повреден без рестрикции заемане за дома 2433 Регионална библиотека "Любен Каравелов" Русе Регионална библиотека "Любен Каравелов" Русе Заемна - подръчен фонд 1992-01-01 Заемна - подръчен фонд 5.25 594946 П 347/В 24 594946 4 2.68 Дост: Pk Вид: Ф N: стар фонд Дата: 01.01.1992 Книги
Vip Innovations Ltd, Rousse, Bulgaria 2025